000 00401nam a2200145Ia 4500
008 220216s9999 xx 000 0 und d
100 _aKurup M R
245 0 _aLatex protein allergy
260 _bNational Seminar on Advances in Polymer Technology, Cochin, 1996; p147-150
650 _aLatex allergens
700 _aGupta S K
700 _aKrishnakumar K
700 _aReshmi N Nath
942 _cJS
999 _c62063
_d62063